00369nam a2200157Ia 45000010006000000050017000060080041000230410008000640820019000721000026000912450035001172600009001523000034001616500008001956540008002031533220260306170148.0260306t2014||||xx |||||||||||||| ||und|| aESP a532bG41I 2014 aGiles, Ranald V.eAUT 0aFluid mechanics and hydraulics c2014 axiii, 362 páginas :c27 cm. aGEN aCCN